00612nam a2200181 a 450000100100000000500170001000800410002702000180006804000250008610000250011124500510013626000500018730000200023758600420025704900090029995201050030899900170041300003408520200930070748.0110923s2008 dr 000 0 spa d a9789592602366 aDO-SdBNPbspacBNPHU1 aHahn, Óscar95951010aEn un abrir y cerrar de ojos /cÓscar Harhn. aLa habana :bCasa de las Américas :,c2008. a45 p. ;c23 cm. aPremio de poesía José Lezama Lima aBNPD 0010718PDaGRbGRcCTd2011-09-23iLF1l0o p34085-10r2020-06-25w2020-06-25yLFPDZNo se presta c33576d33576